000 01002nam a2200205Ii 4500
003 JO-AjNU
008 230605s9999||||xx |||||||||||||| ||und||
040 _aJO-AjNU
_bara
_erda
_cJO-AjNU
041 _aara
050 1 4 _aHD6957.W47 .B34 2014
100 3 _aاعداد: بحر، يوسف عبد عطية ، ايمان حسن نصار,
_eauthor
_952033
245 0 0 _aجودة حياة العمل وأثرها على تنمية الاستغراق الوظيفي : دراسة مقارنة بين دائرة التربية والتعليم في وكالة الغوث ووزارة التربية والتعليم الحكومية
264 3 1 _aالقاهرة: المنظمة العربية للتنمية الادارية، 2014
300 _a90ص
336 _atext
_btxt
_2rdacontent
337 _aunmediated
_bn
_2rdamedia
338 _avolume
_bnc
_2rdacarrier
490 0 _aبحوث ودراسات
650 4 _aوكالة الغوث - نوعية الحياة العملية - قطاع غزة
_952034
999 _aA23025
_c26593
_d26593